Central Library OPAC University of Rajshahi

شعرائے پنجاب، عصر حاضر / Shuʻarā-yi Panjāb, ʻaṣr-i ḥāẓir (Record no. 84691)

MARC details
000 -LEADER
fixed length control field 00934cam a22002411i 4500
003 - CONTROL NUMBER IDENTIFIER
rucl marc code BD-RjUL
005 - DATE AND TIME OF LATEST TRANSACTION
control field 20250216143133.0
008 - FIXED-LENGTH DATA ELEMENTS--GENERAL INFORMATION
fixed length control field 250217s1937 pk b 000 0 perrd
035 ## - SYSTEM CONTROL NUMBER
System control number (BD-RjUL)
040 ## - CATALOGING SOURCE
Original cataloging agency EEM
Language of cataloging eng
Transcribing agency EEM
Modifying agency GZM
-- (BD-RjUL)
041 ## - LANGUAGE CODE
Language code of text/sound track or separate title per
082 04 - DEWEY DECIMAL CLASSIFICATION NUMBER
Classification number 891.551009
Edition number 23
Author mark and year NAS 1937
100 1# - MAIN ENTRY--PERSONAL NAME
Personal name نسیم رضوانی ،محمد باقر ;;Naseem Rizwani, Muhammad Baqir
9 (RLIN) 11896
245 10 - TITLE STATEMENT
Title شعرائے پنجاب، عصر حاضر / Shuʻarā-yi Panjāb, ʻaṣr-i ḥāẓir
Statement of responsibility, etc. محمد باقر نسیم رضوانی ;; Muhammad Baqir Naseem Rizwani
246 3# - VARYING FORM OF TITLE
Title proper/short title Tazkara-e-Shuāarā-e-Punjab
260 ## - PUBLICATION, DISTRIBUTION, ETC. (IMPRINT)
Place of publication, distribution, etc. Panjab :
Name of publisher, distributor, etc. گجرات پرنٹنگ پریس,
Date of publication, distribution, etc. 1937
300 ## - PHYSICAL DESCRIPTION
Pagination 306 pages ;
Size 20 cm
650 ## - SUBJECT ADDED ENTRY--TOPICAL TERM
Topical term or geographic name as entry element Poets,
Form subdivision Urdu Pakistan Punjab
General subdivision Biography
9 (RLIN) 15007
Topical term or geographic name as entry element Biographies
Geographic subdivision Pakistan Punjab
9 (RLIN) 15008
Topical term or geographic name as entry element Urdu poetry
Geographic subdivision Pakistan Punjab
9 (RLIN) 15009
942 ## - ADDED ENTRY ELEMENTS (KOHA)
Source of classification or shelving scheme Dewey Decimal Classification
Koha item type Books
Holdings
Lost status Source of classification or shelving scheme Damaged status Not for loan Collection code Permanent Location Current Location Shelving location Date acquired Total Checkouts Full call number Date last seen Copy number Koha item type
  Dewey Decimal Classification   Not For Loan Non-fiction Central Library, University of Rajshahi Central Library, University of Rajshahi Reading Room 16/02/2025   U 891.551009 NAS 1937 16/02/2025 C-1 Books